000 00298nam a22001337a 4500
008 170714b xxu||||| |||| 00| 0 eng d
020 _a9780195359520
041 _aeng
080 _29TH
_a101
100 _a24
101 _aFIL
245 _aINTRODUCING PHILOSOPHY
_cSOLOMON,R.C
942 _2udc
_cBK
999 _c20795
_d20795